Juego de ajedrez [juego] / green box
Guardado en:
| Formato: | Objeto Físico |
|---|---|
| Publicado: |
Argentina :
Ruibal,
c2000.
|
| Materias: | |
| Etiquetas: |
Agregar Etiqueta
Sin Etiquetas, Sea el primero en etiquetar este registro!
|
| LEADER | 00579nrm a22001455g 4500 | ||
|---|---|---|---|
| 001 | CEM.cems019407 | ||
| 008 | 130507s2000##################0###0#####d | ||
| 005 | 20220830173603.0 | ||
| 245 | 0 | 0 | |a Juego de ajedrez [juego] / |b green box |c Ruibal : |
| 260 | |a Argentina : |b Ruibal, |c c2000. | ||
| 300 | |a 1 juego ( 32 piezas plásticas, 1 tablero) ; 27 x 37 x 6 cm. + manual de instrucciones. | ||
| 500 | |a Para 2 jugadores a partir de 7 años objetivo: ser mejor estratega que tu oponente. | ||
| 082 | 0 | 4 | |a J794.1 |
| 653 | |a 1. juego de ajedrez | ||
| 859 | |a CEMS |b BIB. CEMS - Ludoteca |h J794.1 |i R858 |p 300.03 |t Ej.1 | ||
